Statistics for Top 10 NBA Blocks Per Decade

Click here to take the quiz!

General Stats

  • This quiz has been taken 26 times
  • The average score is 25 of 50

Answer Stats

Decade Player BLK % Correct
1980sKareem Abdul-Jabbar1 594
96%
2000sShaquille O'Neal1 431
96%
2010sTim Duncan902
88%
1990sHakeem Olajuwon2 381
88%
2000sKevin Garnett1 206
88%
1990sDikembe Mutombo2 174
83%
1990sDavid Robinson2 323
83%
2010sDeAndre Jordan1 291
79%
2000sJermaine O'Neal1 436
79%
2000sBen Wallace1 775
71%
2000sRasheed Wallace1 120
71%
1990sPatrick Ewing1 898
71%
2010sDwight Howard1 237
67%
1980sMark Eaton2 391
63%
2010sPau Gasol941
63%
1980sRobert Parish1 346
63%
2010sMarc Gasol1 068
63%
1980sManute Bol1 252
58%
2010sAnthony Davis1 121
58%
1970sGeorge Johnson1 138
54%
1990sAlonzo Mourning1 372
54%
1970sElvin Hayes1 198
50%
1980sKevin McHale1 269
50%
1970sElmore Smith1 183
50%
2010sSerge Ibaka1 626
50%
1990sShawn Bradley1 330
50%
1990sShawn Kemp1 094
46%
2000sMarcus Camby1 560
42%
1970sBob McAdoo872
38%
1980sArtis Gilmore1 207
33%
1980sTree Rollins1 849
33%
1990sVlade Divac1 158
29%
2010sBrook Lopez1 098
25%
1970sBob Lanier799
21%
2000sAndrei Kirilenko1 235
21%
2000sElton Brand1 334
21%
2010sRoy Hibbert1 070
17%
1980sLarry Nance1 209
17%
2000sTheo Ratliff1 268
17%
2010sJaVale McGee908
13%
1980sWayne Cooper1 308
13%
1980sAlton Lister1 244
8%
1970sSam Lacey868
8%
1990sElden Campbell1 079
8%
1970sClifford Ray593
4%
1970sGar Heard659
0%
1970sTom Burleson559
0%

Score Distribution

Percentile by Number Answered

Percent of People with Each Score

Your Score History

You have not taken this quiz